00532nam a2200169 i 4500001000300000100002100003245006500024260002600089700001900115040000800134041000800142942000700150008004100157999001700198856009800215952004900313bg1 aWÓJCIK, Teresa 0aPodręcznik do nauczania /cTeresa Wójcik, Adam Hurmyło. aCzęstochowa,c1979.1 aHURMYŁO, Adam cBPK apol cKS s pl f |000 0 pol  c18496d18496 uhttp://koha.tu.koszalin.pl/cgi-bin/koha/opac-detail.pl?biblionumber=18496yKatalog online BPK 00104070aBPKbBPKcwo25783p01668537yKS